000 00554nam a22001457a 4500
003 MACL
005 20170625123740.0
008 170625b xxu||||| |||| 00| 0 eng d
040 _c MACL
100 _aखान, डॉ. खुर्शीद आलम
_967852
245 _aदेशभक्ति आन्‍दोलन में मैथिलीशरण का योगदान
260 _aदिल्‍ली
_bअंकित पब्लिकेशन्‍स
_c2010
650 _aरचनावली
_9163
942 _2ddc
_cHIN
999 _c56655
_d56655